LEADER 01138nam0 22002651i 450 001 UON00303343 005 20231205104018.62 010 $a978-88-7694-970-8 100 $a20071102d2007 |0itac50 ba 101 $aita 102 $aIT 105 $a|||| ||||| 200 1 $aˆLo ‰ spazio politico locale in età medievale, moderna e contemporanea$eatti del convegno internazionale di studi (Alessandria, 26-27 novembre 2004)$fa cura di Renato Bordone ... [et alii] 210 $aAlessandria$cEdizioni dell'Orso$d2007 215 $aXIII, 442 p.$d24 cm. 606 $aItalia$xGoverno locale$xStoria$3UONC067908$2FI 620 $dAlessandria$3UONL000868 702 1$aBordone$bRenato$3UONV105611 712 $aEdizioni dell'Orso$3UONV248739$4650 801 $aIT$bSOL$c20250808$gRICA 899 $aSIBA - SISTEMA BIBLIOTECARIO DI ATENEO$2UONSI 912 $aUON00303343 950 $aSIBA - SISTEMA BIBLIOTECARIO DI ATENEO$dSI EUR B 1226 $eSI SC 43079 5 1226 996 $aSpazio politico locale in età medievale, moderna e contemporanea$9710819 997 $aUNIOR